<?xml version="1.0" encoding="UTF-8"?>
<record
    xmlns:xsi="http://www.w3.org/2001/XMLSchema-instance"
    xsi:schemaLocation="http://www.loc.gov/MARC21/slim http://www.loc.gov/standards/marcxml/schema/MARC21slim.xsd"
    xmlns="http://www.loc.gov/MARC21/slim">

  <leader>01147nam a22002177a 4500</leader>
  <controlfield tag="003">OSt</controlfield>
  <controlfield tag="005">20151026133603.0</controlfield>
  <controlfield tag="008">130716b        xxu||||| |||| 00| 0 eng d</controlfield>
  <datafield tag="040" ind1=" " ind2=" ">
    <subfield code="c">CDMR</subfield>
  </datafield>
  <datafield tag="100" ind1="1" ind2=" ">
    <subfield code="9">3967</subfield>
    <subfield code="a">Chavero Ram&#xED;rez, Palmira</subfield>
  </datafield>
  <datafield tag="245" ind1="1" ind2="3">
    <subfield code="a">El papel de la agenda de los medios en el proceso de comunicaci&#xF3;n pol&#xED;tica</subfield>
    <subfield code="b">: un estudio de caso : la legislatura 2008-2011</subfield>
    <subfield code="c">Palmira Chavero Ram&#xED;rez ; Ferm&#xED;n Bouza &#xC1;lvarez, Juan Jes&#xFA;s Gonz&#xE1;lez Rodr&#xED;guez</subfield>
    <subfield code="h">[recurs electr&#xF2;nic]</subfield>
  </datafield>
  <datafield tag="260" ind1=" " ind2=" ">
    <subfield code="a">Madrid</subfield>
    <subfield code="c">2012</subfield>
  </datafield>
  <datafield tag="502" ind1=" " ind2=" ">
    <subfield code="a">Tesis defensada el dia 11 de juliol de 2012</subfield>
    <subfield code="c">Universidad Complutense de Madrid, Facultad de Ciencias de la Informaci&#xF3;n, Departamento de Sociolog&#xED;a VI (Opini&#xF3;n P&#xFA;blica y Cultura de Masas)</subfield>
  </datafield>
  <datafield tag="650" ind1="0" ind2="4">
    <subfield code="9">2807</subfield>
    <subfield code="a">Mitjans de comunicaci&#xF3; de massa</subfield>
    <subfield code="x">Aspectes pol&#xED;tics</subfield>
    <subfield code="z">Espanya</subfield>
  </datafield>
  <datafield tag="650" ind1="0" ind2="4">
    <subfield code="9">2994</subfield>
    <subfield code="a">Tesis i dissertacions acad&#xE8;miques</subfield>
  </datafield>
  <datafield tag="700" ind1="1" ind2=" ">
    <subfield code="9">2346</subfield>
    <subfield code="a">Bouza Alvarez, Ferm&#xED;n</subfield>
  </datafield>
  <datafield tag="700" ind1="1" ind2=" ">
    <subfield code="9">3968</subfield>
    <subfield code="a">Gonz&#xE1;lez Rodr&#xED;guez, Juan Jes&#xFA;s</subfield>
  </datafield>
  <datafield tag="710" ind1="2" ind2=" ">
    <subfield code="9">3910</subfield>
    <subfield code="a">Universidad Complutense de Madrid</subfield>
    <subfield code="b">-- Facultad de Ciencias de la Informaci&#xF3;n</subfield>
  </datafield>
  <datafield tag="856" ind1="4" ind2="0">
    <subfield code="u">http://eprints.ucm.es/17478/</subfield>
    <subfield code="y">Disponible en l&#xED;nia (UCM)</subfield>
  </datafield>
  <datafield tag="942" ind1=" " ind2=" ">
    <subfield code="2">udc</subfield>
    <subfield code="c">TSN-E</subfield>
  </datafield>
  <datafield tag="999" ind1=" " ind2=" ">
    <subfield code="c">6601</subfield>
    <subfield code="d">6601</subfield>
  </datafield>
  <datafield tag="952" ind1=" " ind2=" ">
    <subfield code="0">0</subfield>
    <subfield code="1">0</subfield>
    <subfield code="4">0</subfield>
    <subfield code="7">0</subfield>
    <subfield code="a">CDMR</subfield>
    <subfield code="b">CDMR</subfield>
    <subfield code="d">2013-07-16</subfield>
    <subfield code="l">0</subfield>
    <subfield code="p">CDMR13096918</subfield>
    <subfield code="r">2013-07-16</subfield>
    <subfield code="w">2013-07-16</subfield>
    <subfield code="y">TSN-E</subfield>
    <subfield code="z">Tesi dipositada a E-Prints Complutense</subfield>
  </datafield>
</record>
